Hommes du grand siecle

محفوظ في:
التفاصيل البيبلوغرافية
المؤلف الرئيسي: Daniel, Marc
التنسيق: كتاب
اللغة:الإنجليزية
منشور في: Parigi Arcadie
الوسوم: إضافة وسم
لا توجد وسوم, كن أول من يضع وسما على هذه التسجيلة!

MARC

LEADER 00000nam a2200000 4500
005 20240925183258.0
008 240724b |||||||| |||| 00| 0 eng d
040 |c GP 
100 |a Daniel, Marc 
245 |a Hommes du grand siecle 
260 |a Parigi  |b Arcadie 
942 |2 ddc  |c BK  |n 0 
952 |0 0  |1 0  |2 ddc  |4 0  |6 306_766840000000000_DAN  |7 1  |9 1707  |a RM  |b RM  |d 2024-07-24  |l 0  |o 306.766840 DAN  |p 467  |r 2024-07-24 17:16:02  |w 2024-07-24  |y BK 
999 |c 1520  |d 1520